000 00216nam a2200097Ia 4500
008 240331s9999 xx 000 0 und d
082 _bVEL
100 _aVeluppillai, A
245 0 _aThamilar samaya varalaru
942 _cL
999 _c2050
_d2050